000 00815nam a2200253Ia 4500
003 OSt
005 20221005113053.0
006 a|||||r|||| 00| 0
007 ta
008 221004b |||||||| |||| 00| 0 pan d
020 _c275
024 _a5412
037 _b696, 14/06/2013, H.K. Prakashan
_cTextual
040 _aCRL
_cCRL
_bpan
041 _2pan
_apan
082 _aQ8441:4, 153Q0
100 _aਗਿੱਲ, ਮਹਿੰਦਰ ਕੌਰ
245 0 _aਸਿੱਖ ਚਿੰਤਨ
260 _aਦਿੱਲੀ
_bਮਨਪ੍ਰੀਤ ਪ੍ਰਕਾFਨ ਭਾਰਤ
_c2010
300 _a148ਪੰ
_ccm.
650 _aਧਰਮ
942 _hQ8441:4, 153Q0
_cTEXL
_2cc
999 _c1026929
_d1026929